[Event "Titled Tue 24th Jun Late"]
[Site "chess.com INT"]
[Date "2025.06.24"]
[Round "3"]
[White "Adel, Sara"]
[Black "Spyropoulos, Nikolaos"]
[Result "0-1"]
[WhiteTitle "WFM"]
[BlackTitle "IM"]
[WhiteElo "1880"]
[BlackElo "2400"]
[WhiteFideId "10616764"]
[BlackFideId "4298977"]
[EventDate "2025.06.24"]

1. e4 c5 2. Nc3 Nc6 3. f4 g6 4. Nf3 Bg7 5. Bc4 d6 6. O-O e6 7. Qe1 Nge7 8. d3 a6
9. a4 Qc7 10. Qg3 Nd4 11. Nxd4 cxd4 12. Ne2 Bd7 13. f5 exf5 14. Bf4 Be5 15. c3
dxc3 16. bxc3 Be6 17. Bxe6 fxe6 18. d4 Bxf4 19. Nxf4 Qd7 20. Rab1 O-O 21. h4 e5
22. dxe5 dxe5 23. Nd3 fxe4 24. Nxe5 Qc7 25. Kh2 Nf5 26. Qf4 Nd6 27. Qg4 Nf7 28.
Rxf7 Rxf7 29. Qe6 Rf8 30. Rf1 Kg7 31. Rxf7+ Rxf7 32. g3 Re7 33. Qd5 Qxe5 34. Qd2
e3 35. Qe2 Qe4 36. Qg2 Qxg2+ 37. Kxg2 e2 38. Kh3 e1=Q 39. Kg4 Qe2+ 40. Kh3 Re3
41. h5 Qf3 42. h6+ Kf6 43. Kh2 Qxg3+ 44. Kh1 Re1# 0-1

[Event "Titled Tue 24th Jun Late"]
[Site "chess.com INT"]
[Date "2025.06.24"]
[Round "3"]
[White "Guha, Eshan"]
[Black "Sailer, Mike"]
[Result "1-0"]
[WhiteElo "2071"]
[BlackElo "2108"]
[WhiteFideId "30958628"]
[BlackFideId "2012901"]
[EventDate "2025.06.24"]

1. d4 d5 2. c4 Bf5 3. cxd5 Bxb1 4. Rxb1 Qxd5 5. Nf3 Nc6 6. e3 O-O-O 7. Be2 e5 8.
O-O exd4 9. exd4 Nxd4 10. Nxd4 Qxd4 11. Qc2 Bd6 12. Be3 Qh4 13. g3 Qh3 14. Bf3
Nf6 15. Qb3 c6 16. Bg2 Qh5 17. Bxa7 Rhe8 18. Rbc1 Rd7 19. Bb6 Bc7 20. a4 Qe2 21.
a5 Qa6 22. Bh3 1-0

[Event "Titled Tue 24th Jun Late"]
[Site "chess.com INT"]
[Date "2025.06.24"]
[Round "3"]
[White "Harriott, Tyrell"]
[Black "Barseghyan, Armen Ar."]
[Result "0-1"]
[BlackTitle "IM"]
[WhiteElo "1924"]
[BlackElo "2348"]
[WhiteFideId "2086484"]
[BlackFideId "13306707"]
[EventDate "2025.06.24"]

1. d4 Nf6 2. e3 e6 3. Bd3 c5 4. f4 b6 5. Nf3 Bb7 6. Nbd2 Be7 7. O-O O-O 8. c3 d5
9. Ne5 Ba6 10. Bxa6 Nxa6 11. Qf3 Nc7 12. g4 Nce8 13. g5 Ne4 14. Nxe4 dxe4 15.
Qxe4 Nd6 16. Qf3 f6 17. gxf6 Bxf6 18. e4 cxd4 19. cxd4 Nb5 20. Be3 Nxd4 21. Qh3
Bxe5 22. fxe5 Ne2+ 23. Kh1 Qd3 24. Qg2 Qxe3 25. Rfe1 Rf2 26. Rxe2 Rxe2 27. Qg4
Rf8 28. Rg1 Qf3+ 29. Qxf3 Rxf3 30. Rd1 Rff2 31. Rd8+ Kf7 32. Rd7+ Kg6 33. Kg1
Rg2+ 34. Kf1 Ref2+ 35. Ke1 Rxb2 36. Kf1 Rxh2 37. Kg1 Rbg2+ 38. Kf1 Rxa2 39. Kg1
Rhg2+ 40. Kf1 Rgd2 41. Rxd2 Rxd2 42. Ke1 Rd4 43. Ke2 Rxe4+ 44. Kf3 Rxe5 45. Kf4
Rd5 46. Ke4 b5 47. Ke3 b4 48. Ke4 b3 49. Ke3 a5 50. Ke4 a4 51. Ke3 a3 52. Ke4 a2
53. Ke3 b2 54. Ke4 a1=Q 55. Ke3 b1=Q 56. Kf3 Qd3+ 57. Kg2 Rg5+ 0-1

[Event "Titled Tue 24th Jun Late"]
[Site "chess.com INT"]
[Date "2025.06.24"]
[Round "3"]
[White "Ernst, Luca"]
[Black "Mohan, Dave"]
[Result "0-1"]
[WhiteTitle "FM"]
[WhiteElo "2215"]
[BlackElo "2018"]
[WhiteFideId "45117055"]
[BlackFideId "30909775"]
[EventDate "2025.06.24"]

1. e4 c6 2. d4 d5 3. exd5 cxd5 4. Nf3 Nf6 5. c3 Nc6 6. Ne5 Bd7 7. Bd3 e6 8. O-O
Bd6 9. f4 Qb6 10. Kh1 O-O 11. Nd2 Be8 12. Rf3 Rd8 13. Rh3 g6 14. Ndf3 Ne4 15.
Ng5 Nxg5 16. fxg5 Nxe5 17. dxe5 Bxe5 18. Qg4 f5 19. gxf6 Bxf6 20. Be3 d4 21.
cxd4 Bxd4 22. Bh6 Rf2 23. Bc4 Bf7 24. Qh4 Rc8 25. Bb3 Qc6 26. Rg1 e5 27. Bxf7+
Rxf7 28. Be3 Bxe3 29. Rxe3 Re8 30. Rge1 e4 31. h3 Rfe7 32. Rc3 Qd5 33. a3 e3 34.
Re2 Qd1+ 35. Re1 Qd2 36. Qg3 e2 37. Kh2 Qxb2 38. Rc7 Rxc7 39. Qxc7 Qe5+ 40. Qxe5
Rxe5 41. Kg3 Kf7 42. Kf2 Ke6 43. Rb1 e1=Q+ 44. Rxe1 Rxe1 45. Kxe1 Kd5 0-1

[Event "Titled Tue 24th Jun Late"]
[Site "chess.com INT"]
[Date "2025.06.24"]
[Round "3"]
[White "Pavlidou, Ekaterini"]
[Black "Jagirapu, Harshin Reddy"]
[Result "0-1"]
[WhiteTitle "WIM"]
[WhiteElo "2198"]
[BlackElo "2042"]
[WhiteFideId "4213262"]
[BlackFideId "39910679"]
[EventDate "2025.06.24"]

1. d4 Nf6 2. c4 e6 3. Nc3 Bb4 4. a3 Bxc3+ 5. bxc3 b6 6. e3 Bb7 7. f3 c5 8. e4 d6
9. Bd3 e5 10. d5 O-O 11. Ne2 Nbd7 12. Bg5 h6 13. Bh4 Re8 14. O-O Nf8 15. Qd2 Ng6
16. Bf2 Nh5 17. Be3 Bc8 18. g4 Nf6 19. h3 Nh7 20. Ng3 Ng5 21. Kh2 Qf6 22. Nh5
Qe7 23. Qf2 Bd7 24. a4 Rab8 25. h4 Nxh4 26. Qg3 g6 27. f4 exf4 28. Bxf4 gxh5 29.
Bxd6 Qd8 30. Bxb8 Qxb8 31. d6 Bxg4 32. Qxh4 Qxd6+ 33. Qg3 Qxg3+ 34. Kxg3 Nxe4+
35. Bxe4 Rxe4 36. Rae1 Rxc4 37. Re3 Rxa4 38. Rf6 Kg7 39. Rd6 Be6 40. Rd8 h4+ 41.
Kh2 Ra2+ 42. Kg1 b5 43. Red3 b4 44. cxb4 cxb4 45. Rb8 a5 46. Rd4 b3 0-1

[Event "Titled Tue 24th Jun Late"]
[Site "chess.com INT"]
[Date "2025.06.24"]
[Round "3"]
[White "Veiga, Jose Francisco R P Neves"]
[Black "Oluka Robert Mcligeyo"]
[Result "1-0"]
[WhiteTitle "IM"]
[BlackTitle "CM"]
[WhiteElo "2390"]
[BlackElo "2061"]
[WhiteFideId "1930087"]
[BlackFideId "10814647"]
[EventDate "2025.06.24"]

1. e4 c5 2. Nf3 d6 3. d4 cxd4 4. Nxd4 Nf6 5. Nc3 a6 6. Bg5 Nbd7 7. f4 h6 8. Bh4
e5 9. Nf5 Qb6 10. Qd2 g6 11. Ne3 Bg7 12. Ned5 Nxd5 13. Nxd5 Qxb2 14. Nc7+ Kf8
15. Qxd6+ Kg8 16. Rd1 exf4 17. Nxa8 Bc3+ 18. Kf2 Qxc2+ 19. Be2 Ne5 20. Bf6 Ng4+
21. Kg1 Qd2 22. Rxd2 1-0

[Event "Titled Tue 24th Jun Late"]
[Site "chess.com INT"]
[Date "2025.06.24"]
[Round "3"]
[White "Fikiet, Alex"]
[Black "Volkov, Maksim"]
[Result "0-1"]
[BlackTitle "FM"]
[WhiteElo "2151"]
[BlackElo "2333"]
[WhiteFideId "2052717"]
[BlackFideId "54123070"]
[EventDate "2025.06.24"]

1. e4 g6 2. d4 Bg7 3. Nc3 d6 4. f4 a6 5. a4 Nf6 6. Nf3 O-O 7. Be3 c5 8. dxc5 Qa5
9. Bd2 Qxc5 10. Bd3 Nc6 11. Qe2 Bg4 12. Be3 Qb4 13. Rb1 d5 14. Bd2 Qc5 15. e5 d4
16. Ne4 Nxe4 17. Bxe4 Rac8 18. b4 Qa7 19. b5 d3 20. Qxd3 Bxf3 21. Bxf3 Rfd8 22.
Qe4 axb5 23. axb5 Nd4 24. b6 Qa2 25. O-O Nxf3+ 26. Qxf3 Rxd2 27. Qxb7 Qxc2 28.
Qf3 Rb8 29. b7 Rd3 30. Qe4 Qc5+ 31. Kh1 Qd5 32. Qa4 Rd2 33. Rf3 Bf8 34. h3 Rxb7 0-1

[Event "Titled Tue 24th Jun Late"]
[Site "chess.com INT"]
[Date "2025.06.24"]
[Round "3"]
[White "Pontes, Luiz Felizola Lima"]
[Black "Ryabukhin, Roman"]
[Result "0-1"]
[BlackTitle "CM"]
[WhiteElo "2062"]
[BlackElo "2236"]
[WhiteFideId "44709919"]
[BlackFideId "24257893"]
[EventDate "2025.06.24"]

1. e4 c5 2. Nf3 Nc6 3. d4 cxd4 4. Nxd4 Nf6 5. Nc3 e5 6. Ndb5 d6 7. Nd5 Nxd5 8.
exd5 Ne7 9. c4 a6 10. Nc3 Bd7 11. Be2 Rc8 12. Be3 Nf5 13. O-O Be7 14. Qd2 Nxe3
15. Qxe3 O-O 16. Bd3 g6 17. Kh1 f5 18. f4 e4 19. Be2 Bf6 20. Rac1 Qa5 21. a3 Rf7
22. Qd2 Qb6 23. b4 a5 24. bxa5 Qxa5 25. Nxe4 Qxa3 26. Nxd6 Qxd6 27. Qa5 b6 28.
Qa6 Bd4 29. Rfd1 Bc5 30. Rb1 Qxf4 31. Bf3 Qd6 32. Rb5 Bxb5 33. Qxb5 Ra8 34. Re1
Re7 35. Rb1 Re3 36. h3 Kf7 37. Rd1 Ra2 38. Qc6 Rxf3 39. Qxd6 Rxh3+ 40. gxh3 Bxd6
41. Rb1 Rh2+ 42. Kg1 Rxh3 43. Rxb6 Bc5+ 44. Kg2 Bxb6 45. Kxh3 Bc5 0-1

[Event "Titled Tue 24th Jun Late"]
[Site "chess.com INT"]
[Date "2025.06.24"]
[Round "3"]
[White "Wu, Derek"]
[Black "Andrade, Ivan"]
[Result "1-0"]
[WhiteTitle "FM"]
[BlackTitle "FM"]
[WhiteElo "2232"]
[BlackElo "2144"]
[WhiteFideId "30914558"]
[BlackFideId "14800039"]
[EventDate "2025.06.24"]

1. d4 Nf6 2. c4 e6 3. Nc3 Bb4 4. e3 O-O 5. Bd3 d5 6. cxd5 exd5 7. a3 Bd6 8. Qc2
c6 9. Nge2 Re8 10. Bd2 b6 11. f3 Ba6 12. Bxa6 Nxa6 13. e4 dxe4 14. fxe4 c5 15.
e5 cxd4 16. exf6 dxc3 17. Bxc3 Bc5 18. Rd1 Qc7 19. Rd3 Re6 20. Kd1 Be3 21. Re1
Nc5 22. Nd4 Nxd3 23. Nxe6 Nxe1 24. Nxc7 Nxc2 25. Nxa8 Nd4 26. fxg7 Ne6 27. Ke2
Bf4 28. g3 Bd6 29. Kd3 Nxg7 30. Kc4 Nf5 31. Kb5 h5 32. Ka6 Nxg3 33. hxg3 Bxg3
34. Bd4 h4 35. Kxa7 h3 36. Bg1 f5 37. Nxb6 f4 38. Nd5 f3 39. Nf6+ Kf7 40. Ne4 f2
41. Bxf2 Bxf2+ 42. Nxf2 h2 43. b4 Kf6 44. b5 Kf5 45. b6 Kf4 46. b7 Kf3 47. b8=Q
Kxf2 48. Qxh2+ 1-0

[Event "Titled Tue 24th Jun Late"]
[Site "chess.com INT"]
[Date "2025.06.24"]
[Round "3"]
[White "Graif, William"]
[Black "Koellner, Ruben Gideon"]
[Result "1-0"]
[WhiteTitle "FM"]
[BlackTitle "IM"]
[WhiteElo "2211"]
[BlackElo "2503"]
[WhiteFideId "2609835"]
[BlackFideId "12993093"]
[EventDate "2025.06.24"]

1. e4 d6 2. Nc3 Nf6 3. f4 e5 4. Nf3 exf4 5. d3 Nh5 6. Nd5 g5 7. Nxg5 Qxg5 8.
Qxh5 Qd8 9. Bxf4 Rg8 10. e5 Nd7 11. e6 Rg6 12. exd7+ Bxd7 13. O-O-O c6 14. Nc3
Qe7 15. Be2 O-O-O 16. Bf3 Qf6 17. Bd2 d5 18. Rhe1 Bd6 19. Kb1 1-0

[Event "Titled Tue 24th Jun Late"]
[Site "chess.com INT"]
[Date "2025.06.24"]
[Round "3"]
[White "Venskaya, Nika"]
[Black "Sturt, Raven"]
[Result "0-1"]
[WhiteTitle "WCM"]
[BlackTitle "GM"]
[WhiteElo "1926"]
[BlackElo "2459"]
[WhiteFideId "13523503"]
[BlackFideId "2007304"]
[EventDate "2025.06.24"]

1. d4 f5 2. Nf3 Nf6 3. g3 g6 4. Bg2 Bg7 5. O-O O-O 6. c4 d6 7. Nc3 Qe8 8. d5 Na6
9. Be3 Bd7 10. Bd4 c5 11. dxc6 bxc6 12. Rc1 Rb8 13. b3 Ra8 14. Qd2 Nc7 15. Rfd1
Ne6 16. Be3 Ng4 17. Bd4 Bh6 18. Be3 Nxe3 19. fxe3 Nd8 20. Kh1 Nf7 21. c5 d5 22.
b4 a6 23. Qd3 e5 24. Ng1 e4 25. Qd2 Ne5 26. Rf1 Ng4 27. Nd1 Rb8 28. a3 a5 29.
Rb1 Qe5 30. Nh3 Rb7 31. Nf4 g5 32. Nh5 Qe8 33. b5 Qxh5 34. bxc6 Qxh2# 0-1

[Event "Titled Tue 24th Jun Late"]
[Site "chess.com INT"]
[Date "2025.06.24"]
[Round "3"]
[White "Myagmarsuren, Evsuld"]
[Black "Kalinin, Nikita An."]
[Result "0-1"]
[WhiteTitle "FM"]
[BlackTitle "FM"]
[WhiteElo "2292"]
[BlackElo "2336"]
[WhiteFideId "1551639"]
[BlackFideId "34233512"]
[EventDate "2025.06.24"]

1. e4 c5 2. Nf3 a6 3. d4 cxd4 4. Nxd4 e5 5. Nf3 Nf6 6. Nxe5 Qa5+ 7. Nc3 Qxe5 8.
f4 Qe7 9. e5 d6 10. Be2 dxe5 11. fxe5 Qxe5 12. O-O Bc5+ 13. Kh1 O-O 14. Bf4 Qe7
15. Bg5 Qe5 16. Bxf6 gxf6 17. Nd5 f5 18. Bc4 Be6 19. Qh5 Bd6 20. Rae1 Qg7 21.
Rxf5 Bxf5 22. Qxf5 Nc6 23. Re4 Ne5 24. Nf6+ Kh8 25. Bd3 Nxd3 26. Rg4 Nf2+ 27.
Qxf2 Qh6 28. g3 Be7 29. Nd5 Qc6 30. Qd4+ f6 31. Rh4 Rad8 32. Rxh7+ Kxh7 33. Qh4+
Kg7 34. Qg4+ Kf7 35. Qh5+ Ke6 36. Qg4+ Kxd5 37. Qf3+ Kd6 0-1

[Event "Titled Tue 24th Jun Late"]
[Site "chess.com INT"]
[Date "2025.06.24"]
[Round "3"]
[White "Gelman, Alexander"]
[Black "Petrenko, Maryna"]
[Result "1-0"]
[WhiteTitle "IM"]
[BlackTitle "WFM"]
[WhiteElo "2403"]
[BlackElo "2062"]
[WhiteFideId "4118316"]
[BlackFideId "14197820"]
[EventDate "2025.06.24"]

1. d4 d5 2. Nc3 Nf6 3. Bf4 c5 4. e3 e6 5. Nb5 Na6 6. c3 Qb6 7. a4 Be7 8. g4 h6
9. h4 Ne4 10. Bd3 Nd6 11. Nxd6+ Bxd6 12. Bxd6 Qxd6 13. Nf3 c4 14. Bc2 Bd7 15.
Ne5 Nb8 16. f4 Nc6 17. Qf3 a6 18. g5 hxg5 19. hxg5 Rxh1+ 20. Qxh1 Nxe5 21. fxe5
Qf8 22. Kd2 O-O-O 23. Rf1 Qg8 24. Qf3 Be8 25. e4 Qh8 26. exd5 Rxd5 27. Be4 Rd7
28. Rh1 Qf8 29. g6 Qe7 30. Rh8 Kc7 31. Bxb7 Qg5+ 32. Ke2 Rd8 33. gxf7 Bxf7 34.
Qxf7+ Rd7 35. Rc8+ Kb6 36. Qxd7 Qg4+ 37. Bf3 1-0

[Event "Titled Tue 24th Jun Late"]
[Site "chess.com INT"]
[Date "2025.06.24"]
[Round "3"]
[White "Ismagilov, Damir"]
[Black "Nakara Husain"]
[Result "1-0"]
[WhiteTitle "CM"]
[WhiteElo "2173"]
[BlackElo "1713"]
[WhiteFideId "34199982"]
[BlackFideId "25636111"]
[EventDate "2025.06.24"]

1. e4 e5 2. Nf3 Nc6 3. Bb5 a6 4. Ba4 d6 5. c3 f5 6. exf5 Bxf5 7. d4 e4 8. Qe2
Be7 9. Nfd2 d5 10. O-O Nf6 11. f3 O-O 12. fxe4 Nxe4 13. Nxe4 Bxe4 14. Nd2 Rxf1+
15. Qxf1 Bg6 16. Nf3 b5 17. Bb3 Na5 18. Ne5 Nxb3 19. axb3 Qe8 20. Bf4 Bd6 21. c4
Be4 22. c5 Bxe5 23. Bxe5 Qg6 24. Bxc7 Rf8 25. Qe2 Bf3 26. Qd2 Re8 27. Be5 Be4
28. Rf1 Bd3 29. Rf3 Be4 30. Rg3 1-0

[Event "Titled Tue 24th Jun Late"]
[Site "chess.com INT"]
[Date "2025.06.24"]
[Round "3"]
[White "Yushko, Olga"]
[Black "Yatskar, Martin"]
[Result "1-0"]
[WhiteTitle "WFM"]
[BlackTitle "CM"]
[WhiteElo "2033"]
[BlackElo "2225"]
[WhiteFideId "14114500"]
[BlackFideId "34109676"]
[EventDate "2025.06.24"]

1. d4 d5 2. c4 e6 3. cxd5 c5 4. dxe6 Bxe6 5. Nf3 Nc6 6. e3 Nf6 7. Nc3 a6 8. Be2
Be7 9. O-O O-O 10. dxc5 Qc8 11. Na4 Qc7 12. Nb6 Rad8 13. Qc2 Nb4 14. Qc3 Bxc5
15. Na4 Ne4 16. Qe5 Qxe5 17. Nxe5 Be7 18. Bf3 Ng5 19. Bxb7 a5 20. Nc6 Nxc6 21.
Bxc6 Bc4 22. Re1 Bb4 23. Nc3 Rd6 24. Ba4 Rfd8 25. a3 Bc5 26. h4 Ne6 27. Ne4 Rd5
28. Nxc5 Nxc5 29. Bc2 Nd3 30. Rd1 f5 31. b3 Bb5 32. a4 Ba6 33. Ba3 Kf7 34. Rab1
h6 35. b4 axb4 36. Bxb4 g5 37. Ba5 R8d7 38. Bc3 f4 39. exf4 gxf4 40. Rb6 R7d6
41. a5 h5 42. Bxd3 Bxd3 43. Rxd6 Rxd6 44. Be5 Re6 45. Bxf4 Be2 46. Ra1 Ba6 47.
Bc7 Rc6 48. Bb6 Ke6 49. Rd1 Kf5 50. Rd5+ Kg4 51. g3 Rc1+ 52. Kh2 Bb7 53. Rg5+
Kf3 54. Rf5+ Ke4 55. Rxh5 Kd3 56. g4 Ke2 57. Kg3 Rg1+ 58. Kf4 Bc8 59. g5 Rg4+
60. Ke5 Ra4 61. g6 Kf3 62. g7 Rg4 63. Rg5 Rxg5+ 64. hxg5 Kg4 65. g8=Q Bf5 66. g6
Bxg6 67. Qxg6+ Kf3 68. Qe4# 1-0

[Event "Titled Tue 24th Jun Late"]
[Site "chess.com INT"]
[Date "2025.06.24"]
[Round "3"]
[White "Svane, Rasmus"]
[Black "Terletsky, Oleg"]
[Result "1-0"]
[WhiteTitle "GM"]
[BlackTitle "IM"]
[WhiteElo "2626"]
[BlackElo "2160"]
[WhiteFideId "4657101"]
[BlackFideId "14116774"]
[EventDate "2025.06.24"]

1. Nf3 Nf6 2. g3 g6 3. Bg2 Bg7 4. O-O O-O 5. d4 d6 6. Re1 Nbd7 7. e4 e5 8. Nc3
exd4 9. Nxd4 Re8 10. Bf4 h6 11. Qd2 g5 12. Be3 Ng4 13. Nf5 Nxe3 14. Rxe3 Ne5 15.
Nxg7 Kxg7 16. f4 Nc6 17. Rf1 f6 18. Ref3 g4 19. Re3 Be6 20. Rfe1 Qd7 21. Nd5 Ne7
22. Qc3 Bxd5 23. exd5 Nf5 24. Re6 Rxe6 25. Rxe6 Rf8 26. Qd3 Ne7 27. Qe2 Rf7 28.
Qxg4+ Kf8 29. Qh5 Kg7 30. Be4 Qa4 31. Kg2 Qd4 32. b3 c6 33. dxc6 bxc6 34. Bd3
Qd5+ 35. Qxd5 Nxd5 36. Rxd6 Nb4 37. a3 Nxd3 38. Rxd3 Rc7 39. Rc3 h5 40. Kf3 Kg6
41. Rc5 1-0

[Event "Titled Tue 24th Jun Late"]
[Site "chess.com INT"]
[Date "2025.06.24"]
[Round "3"]
[White "Kharitonov, Sergei"]
[Black "Zlatin, Alexander"]
[Result "0-1"]
[WhiteTitle "CM"]
[BlackTitle "FM"]
[WhiteElo "2014"]
[BlackElo "2313"]
[WhiteFideId "4129750"]
[BlackFideId "2810549"]
[EventDate "2025.06.24"]

1. e4 e6 2. d3 d5 3. Nd2 Nf6 4. Ngf3 c5 5. g3 Nc6 6. Bg2 b5 7. O-O Bb7 8. Re1
Be7 9. e5 Nd7 10. Nf1 Qc7 11. Bf4 h6 12. h4 d4 13. h5 Nb6 14. g4 Nd5 15. Bg3
O-O-O 16. N1d2 g5 17. a4 a6 18. axb5 axb5 19. Ne4 Nf4 20. Bh1 Nxe5 21. Nxe5 Qxe5
22. Ra7 Bd5 23. Rxe7 Qb8 24. Qa1 f5 25. Qa6+ Bb7 26. Rxb7 Qxb7 27. Qxb7+ Kxb7
28. Nxc5+ Kb6 29. b4 fxg4 30. Ra1 Ne2+ 31. Kh2 Nxg3 32. Kxg3 Rhf8 33. Ra6+ Kc7
34. Nxe6+ Kd7 35. Nxd8 Rxd8 36. Rxh6 Rc8 0-1

[Event "Titled Tue 24th Jun Late"]
[Site "chess.com INT"]
[Date "2025.06.24"]
[Round "3"]
[White "Lysyj, Igor"]
[Black "Garde, Guillaume"]
[Result "1-0"]
[WhiteTitle "GM"]
[BlackTitle "CM"]
[WhiteElo "2582"]
[BlackElo "2211"]
[WhiteFideId "4150120"]
[BlackFideId "45138273"]
[EventDate "2025.06.24"]

1. d4 d5 2. c4 Nc6 3. Nf3 e5 4. cxd5 Qxd5 5. Nc3 Qa5 6. d5 Nb4 7. a3 Bf5 8. e4
Bxe4 9. axb4 Qxa1 10. Nxe4 Bxb4+ 11. Nfd2 O-O-O 12. Bc4 Nf6 13. Nxf6 gxf6 14.
O-O Rhg8 15. Qc2 Kb8 16. Ne4 Qa5 17. Nxf6 Rg6 18. Qf5 Qa4 19. b3 Qa2 20. Nd7+
Ka8 21. Nxe5 Rg7 22. Bh6 Rgg8 23. Nxf7 Rb8 24. Ne5 Qb2 25. d6 Bxd6 26. Bxg8 Qxe5
27. Qxe5 Bxe5 28. Bd5 c6 29. Bf3 Rd8 30. Rd1 Re8 31. Be3 Kb8 32. Kf1 Bxh2 33.
Rd7 Bc7 34. Rxh7 a6 35. Ke2 a5 36. g4 Bf4 37. Rf7 Bg5 38. Rf5 Bh4 39. Rxa5 1-0

[Event "Titled Tue 24th Jun Late"]
[Site "chess.com INT"]
[Date "2025.06.24"]
[Round "3"]
[White "Shapiro, Daniel"]
[Black "Stamatiou, Rodolfos"]
[Result "1-0"]
[WhiteTitle "FM"]
[BlackTitle "FM"]
[WhiteElo "2284"]
[BlackElo "2269"]
[WhiteFideId "2001780"]
[BlackFideId "25826530"]
[EventDate "2025.06.24"]

1. d4 Nf6 2. c4 g6 3. Nc3 Bg7 4. e4 d6 5. Be2 O-O 6. h4 c5 7. d5 b5 8. cxb5 a6
9. b6 Qxb6 10. h5 a5 11. hxg6 fxg6 12. Qd3 Ba6 13. Qg3 Nbd7 14. Qh4 Ne5 15. Nh3
Bxe2 16. Nxe2 Nd3+ 17. Kf1 c4 18. Be3 Qxb2 19. Bd4 Qc2 20. Ng5 h5 21. Ne6 Rf7
22. f3 Ng4 23. Nxg7 Rxg7 24. fxg4 Rf7+ 25. Kg1 Qxe2 26. gxh5 Rf4 27. Qxe7 Rf7
28. hxg6 1-0

[Event "Titled Tue 24th Jun Late"]
[Site "chess.com INT"]
[Date "2025.06.24"]
[Round "3"]
[White "Zhigalko, Sergei"]
[Black "Sprenar, Petr"]
[Result "0-1"]
[WhiteTitle "GM"]
[BlackTitle "FM"]
[WhiteElo "2572"]
[BlackElo "2318"]
[WhiteFideId "13502956"]
[BlackFideId "397164"]
[EventDate "2025.06.24"]

1. e4 c5 2. Nf3 e6 3. c3 Nf6 4. e5 Nd5 5. Bc4 d6 6. d4 cxd4 7. cxd4 Be7 8. O-O
O-O 9. Bd2 Bd7 10. Nc3 Nxc3 11. Bxc3 Bc6 12. Qe2 Nd7 13. Bd3 Rc8 14. Rfe1 dxe5
15. dxe5 Nb6 16. Rad1 Qc7 17. Nd4 Bd5 18. Nb5 Qd7 19. Qg4 a6 20. Nd6 Bxd6 21.
exd6 f5 22. Qg3 Na4 23. Be5 Nc5 24. Rc1 Rc6 25. Bb1 Rfc8 26. Rcd1 Be4 0-1

[Event "Titled Tue 24th Jun Late"]
[Site "chess.com INT"]
[Date "2025.06.24"]
[Round "3"]
[White "Rojas Alarcon, Julian Antonio"]
[Black "Becking, Stephan"]
[Result "1/2-1/2"]
[WhiteTitle "FM"]
[BlackTitle "IM"]
[WhiteElo "2365"]
[BlackElo "2410"]
[WhiteFideId "5107407"]
[BlackFideId "4632478"]
[EventDate "2025.06.24"]

1. d4 Nf6 2. c4 e6 3. Nf3 Bb4+ 4. Bd2 Qe7 5. g3 O-O 6. Bg2 a5 7. O-O Bxd2 8.
Qxd2 d6 9. Nc3 e5 10. dxe5 dxe5 11. Rfd1 Bg4 12. h3 Bxf3 13. Bxf3 c6 14. Qd6
Qxd6 15. Rxd6 Na6 16. Rad1 Nc5 17. b3 Rfe8 18. e3 Kf8 19. g4 h6 20. h4 Ke7 21.
g5 hxg5 22. hxg5 Nfd7 23. Ne4 Red8 24. g6 Nxe4 25. Bxe4 f6 26. f4 Nc5 27. Rxd8
Rxd8 28. Rxd8 Kxd8 29. Bc2 exf4 30. exf4 Ne6 31. f5 Nd4 32. Bd3 Kc7 33. c5 Nf3+
34. Kf2 Ne5 35. Ke3 b6 36. cxb6+ Kxb6 37. Be4 Kc5 38. a3 Nd7 39. Kd3 Ne5+ 40.
Kc3 Ng4 41. b4+ axb4+ 42. axb4+ Kd6 43. Kd4 Ne5 44. Bg2 Nd7 45. Be4 c5+ 46.
bxc5+ Nxc5 47. Bc2 Nd7 48. Be4 Ne5 49. Bg2 Nd7 50. Be4 Ne5 51. Bg2 Nd7 52. Be4 1/2-1/2

[Event "Titled Tue 24th Jun Late"]
[Site "chess.com INT"]
[Date "2025.06.24"]
[Round "3"]
[White "Suarez, Pedro"]
[Black "Atoyan, Alberto"]
[Result "0-1"]
[WhiteTitle "CM"]
[BlackTitle "CM"]
[WhiteElo "2066"]
[BlackElo "2266"]
[WhiteFideId "3007642"]
[BlackFideId "13314831"]
[EventDate "2025.06.24"]

1. d4 g6 2. c4 Bg7 3. Nc3 d6 4. e4 Nc6 5. d5 Nd4 6. Be3 c5 7. Nge2 Nxe2 8. Bxe2
Nf6 9. O-O a6 10. h3 O-O 11. Qd2 Bd7 12. a4 Rb8 13. Bf4 Qa5 14. e5 dxe5 15. Bxe5
Rbd8 16. Qf4 Ne8 17. Bxg7 Kxg7 18. Qe5+ Nf6 19. Qxe7 Rfe8 20. Qd6 Bg4 21. Qxd8
Qxd8 22. hxg4 Qd6 23. Rfe1 h5 24. g5 Nd7 25. Bf1 Re5 26. g3 Qe7 27. Rxe5 Qxe5
28. Bh3 Nb6 29. Bf1 Qxg5 30. a5 Nc8 31. Re1 Nd6 32. Ne4 Qe5 33. Bd3 f5 34. f4
Qe7 0-1

[Event "Titled Tue 24th Jun Late"]
[Site "chess.com INT"]
[Date "2025.06.24"]
[Round "3"]
[White "Fomevor, Cephas Clinton"]
[Black "Luke Brezmes, Cristofer"]
[Result "0-1"]
[WhiteTitle "CM"]
[BlackTitle "CM"]
[WhiteElo "1883"]
[BlackElo "2093"]
[WhiteFideId "12601330"]
[BlackFideId "2274477"]
[EventDate "2025.06.24"]

1. d4 b5 2. Nf3 Bb7 3. Bf4 d6 4. e3 a6 5. c3 g6 6. Nbd2 Bg7 7. Be2 Nd7 8. h3 h6
9. O-O e5 10. dxe5 dxe5 11. Bg3 c5 12. Qc2 Qe7 13. c4 e4 14. Ne1 b4 15. f3 exf3
16. Bxf3 Qxe3+ 17. Bf2 Qf4 18. Bxb7 Rb8 19. Bd5 Be5 20. Nef3 Bd6 21. Qe4+ Qxe4
22. Nxe4 Be7 23. Rae1 Kf8 24. Bg3 Re8 25. Bd6 f5 26. Bxe7+ Nxe7 27. Nd6 Rb8 28.
Ne5 Nf6 29. Nf3 Nexd5 30. cxd5 Nxd5 31. Ne5 Kg7 32. Ndc4 Nf6 33. Nf3 Rb7 34. b3
Ne4 35. Nfd2 Nc3 0-1

[Event "Titled Tue 24th Jun Late"]
[Site "chess.com INT"]
[Date "2025.06.24"]
[Round "3"]
[White "Zieba, Hubert"]
[Black "Khanbutaev, Artemii"]
[Result "1-0"]
[WhiteTitle "CM"]
[WhiteElo "2233"]
[BlackElo "2139"]
[WhiteFideId "21844704"]
[BlackFideId "55747175"]
[EventDate "2025.06.24"]

1. d4 Nf6 2. c4 e6 3. g3 d5 4. Bg2 dxc4 5. Nf3 c6 6. O-O b5 7. Ne5 Bb7 8. b3
cxb3 9. Qxb3 Be7 10. Bb2 O-O 11. Rc1 Qb6 12. Nd2 Nfd7 13. Nxd7 Nxd7 14. Ne4 Rac8
15. a4 a6 16. Ba3 b4 17. Bb2 a5 18. Qe3 h6 19. Nc5 Nxc5 20. dxc5 Qd8 21. Rd1 Qe8
22. Be4 Rd8 23. Bc2 Rxd1+ 24. Rxd1 Qc8 25. Rd4 Bg5 26. Qd3 f5 27. Rd7 Rd8 28.
Rxg7+ Kf8 29. Qf3 Rd7 30. Rg6 Kf7 31. Bxf5 exf5 32. Qxf5+ Ke7 33. Re6+ Kd8 34.
Qf8+ Kc7 35. Be5+ Rd6 36. Qxd6# 1-0